Διαχρονική πορεία της ρύπανσης των υπόγειων υδάτων του δήμου Αλμυρού από τα νιτρικά γεωργικής προέλευσης : μεταπτυχιακή διατριβή

Αποθηκεύτηκε σε:
Λεπτομέρειες βιβλιογραφικής εγγραφής
Κύριος συγγραφέας: Σαράφης, Χαράλαμπος
Συγγραφή απο Οργανισμό/Αρχή: Πανεπιστήμιο Αιγαίου Σχολή Περιβάλλοντος Τμήμα Περιβάλλοντος Πρόγραμμα Μεταπτυχιακών Σπουδών Γεωργία και Περιβάλλον
Μορφή: Thesis Βιβλίο
Γλώσσα:Greek
Δημοσίευση: 2004.
Θέματα:
Διαθέσιμο Online:http://hdl.handle.net/11610/15287
Ετικέτες: Προσθήκη ετικέτας
Δεν υπάρχουν, Καταχωρήστε ετικέτα πρώτοι!

MARC

LEADER 00000cam a2200000 i 4500
001 1/83268
008 050808s2004 gr | ||| |||| ||gre||
035 |l 10079730 
040 |a GR-MyUa  |b gre  |e AACR2 
041 0 |a gre 
082 7 |a 363.7394   |2 (22) 
100 1 |a Σαράφης, Χαράλαμπος. 
245 1 0 |a Διαχρονική πορεία της ρύπανσης των υπόγειων υδάτων του δήμου Αλμυρού από τα νιτρικά γεωργικής προέλευσης :   |b μεταπτυχιακή διατριβή /   |c Σαράφης Χαράλαμπος ; υπεύθυνος καθηγητής Δαναλάτος Νικόλαος. 
260 |c 2004. 
300 |a 105 σ. :   |b πιν., διαγρ., χάρτες ;   |c 30 εκ. 
502 |a Διατριβή (μεταπτυχιακή) – Πανεπιστήμιο Αιγαίου, Λέσβος, 2004. 
504 |a Βιβλιογραφία: 81-82. 
650 0 |a Agricultural pollution  |z Greece  |z Almyros. 
650 0 |a Groundwater  |x Pollution  |z Greece  |z Almyros. 
650 0 |a Water  |x Pollution  |z Greece  |z Almyros. 
650 0 |a Agricultural chemicals  |x Environmental aspects. 
650 0 |a Nitrates  |x Environmental aspects. 
650 0 |a Dissertations, Academic  |z Greece. 
700 1 |a Δαλανάτος, Νίκος,  |e dgs 
710 2 |a Πανεπιστήμιο Αιγαίου  |b Σχολή Περιβάλλοντος  |b Τμήμα Περιβάλλοντος  |b Πρόγραμμα Μεταπτυχιακών Σπουδών Γεωργία και Περιβάλλον. 
852 |a INST  |b LESVOS  |c DIATR  |e 20050808  |h 23  |p 005100031364  |q 005100031364  |t MTXE  |y 23 
852 |a INST  |b LESVOS  |c DIATR  |e 20050808  |h 24  |p 005100031363  |q 005100031363  |t MTXE  |y 23 
856 |u http://hdl.handle.net/11610/15287 
901 |a BIBL1-2005-2 
924 |a Σαράφης  |b Χαράλαμπος  |y Λέσβος  |z 2004-11 
970 |a ΜΑΡΙΝΑΤΟΥ  |b ΜΥΡΣΙΝΗ  |z 2005/08/08